| 000 | 00837nam a2200265Ia 4500 | ||
|---|---|---|---|
| 003 | OSt | ||
| 005 | 20221005034921.0 | ||
| 006 | a|||||r|||| 00| 0 | ||
| 007 | ta | ||
| 008 | 221004b |||||||| |||| 00| 0 eng d | ||
| 020 |
_a8182200555 _c850 |
||
| 024 | _a81595 | ||
| 037 |
_b2068, 30/03/2005, Global Vision Publishing House _cTextual |
||
| 040 |
_aCRL _cCRL _beng |
||
| 041 |
_2eng _aeng |
||
| 082 | _aR673x1,1:g, P4 | ||
| 100 |
_aChaudhury Ruma _9587808 |
||
| 245 | 0 | _aSrikantha's philosophy of Monothestic Vedanta | |
| 260 |
_aDelhi _bGlobal Vision Publishing House India _c2001 |
||
| 300 |
_a419p. _ccm. |
||
| 650 | _a PHILOSOPHY | ||
| 650 | _aVISISTADVAITA PHILOSOPHY | ||
| 942 |
_hR673x1,1:g, P4 _cTEXL _2cc |
||
| 999 |
_c944316 _d944316 |
||